- Frankl, Viktor E.
Entry Nombre Personal
001 - NUMERO DE CONTROL
- campo de control: 30550
003 - IDENTIFICADOR DE NUMERO DE CONTROL
- campo de control: DLC
005 - FECHA Y HORA DE LA ÜLTIMA TRANSACCIÓN
- campo de control: 20220510090559.0
008 - DATOS DE LONGITUD FIJA
- campo de control de longitud fija: 220510n| azannaabn |a aaa
010 ## - NÚMERO DE CONTROL DE LA BIBLIOTECA DEL CONGRESO
- Número de control LC: n 79122444
- Número de Control LC Cancelado/inválido: no2013069403
035 ## - NUMERO DE CONTROL
- Número de control: (OCoLC)oca00354049
040 ## - FUENTE DE CATALOGACIÓN
- Agencia original de catalogación: DLC
- Lenguaje de catalogación: spa
- Description conventions: rda
- Agencia de transcripción: DLC
- Agencia que lo modifica: DLC
- Agencia que lo modifica: UPB
- Agencia que lo modifica: DLC
- Agencia que lo modifica: MX-MxUPN
046 ## - FECHAS CON CODIFICACIÓN ESPECIAL
- Fecha de nacimiento: 19050326
- Fecha de muerte: 19970902
100 1# - ENCABEZAMIENTO - NOMBRE PERSONAL
- Nombre personal: Frankl, Viktor E.
- Fuller form of name: (Viktor Emil),
- Fechas asociadas con el nombre: 1905-1997
370 ## - LUGAR ASOCIADO
- Place of birth: Viena (Austria)
- Place of death: Viena (Austria)
- Fuente del término: naf
372 ## - CAMPO DE ACTIVIDAD
- Field of activity: Neurología
- Field of activity: Psiquiatría
- Field of activity: Logoterapia
- Fuente del término: lcsh
373 ## - GRUPO ASOCIADO
- Associated group: Universidad de Viena
- Fuente del término: naf
374 ## - OCUPACIÓN
- Occupation: Profesor universitario
- Occupation: Neurólogo
- Occupation: Psiquiatra
- Fuente del término: lcsh
375 ## - GÉNERO
- Gender: masculino
377 ## - LENGUA ASOCIADA
- Language code: ger
378 ## - FORMA COMPLETA DE NOMBRE PERSONAL
- Fuller form of personal name: Viktor Emil
400 1# - VEÁSE - NOMBRE DE PERSONA
- Personal name: Frankl, Viktor Emil,
- Dates associated with a name: 1905-1997
400 1# - VEÁSE - NOMBRE DE PERSONA
- Personal name: Frankl, V. E.
- Fuller form of name: (Viktor Emil),
- Dates associated with a name: 1905-1997
670 ## - FUENTE EN LA QUE SE LOCALIZARON DATOS
- Cita de la fuente: En su obra: Trotzdem Ja zum Leben sagen ... 1947.
670 ## - FUENTE EN LA QUE SE LOCALIZARON DATOS
- Cita de la fuente: En su obra: Man's search for meaning, c1984:
- Información localizada: portada (Viktor E. Frankl)
670 ## - FUENTE EN LA QUE SE LOCALIZARON DATOS
- Cita de la fuente: Erziehung zur Verantwortlichkeit durch die Zaubermärchen der Brüder Grimm unter besonderer Berücksichtigung der Sinnkategorie V. E. Frankls, 1994.
670 ## - FUENTE EN LA QUE SE LOCALIZARON DATOS
- Cita de la fuente: The Washington post, 09-04-97:
- Información localizada: página B6 (Viktor E. Frankl, 92, renowned Austrian psychiatrist and author of: Man's search for meaning, died Sept. 2, 1997 in Vienna, Austria)
670 ## - FUENTE EN LA QUE SE LOCALIZARON DATOS
- Cita de la fuente: Biog. resource center (Contemp. authors), July 25, 2008
- Información localizada: (Viktor E(mil) Frankl; b. Mar. 26, 1905, Vienna, Austria; d. Sept. 2, 1997, Vienna, Austria; University of Vienna, Ph. D., 1949; University of Vienna, professor of neurology and psychiatry, beginning 1947)
670 ## - FUENTE EN LA QUE SE LOCALIZARON DATOS
- Cita de la fuente: Wikipedia, November 11, 2013:
- Información localizada: (Viktor Emil Frankl; born March 26, 1905; died September 2, 1997; Austrian neurologist and psychiatrist as well as a Holocaust survivor; founder of logotherapy, a form of existential analysis)
670 ## - FUENTE EN LA QUE SE LOCALIZARON DATOS
- Cita de la fuente: Yeates, John Willie. The educational implications of the logotherapy of Victor E. Frankl, 1968:
- Información localizada: (Victor Emil Frankl)
902 ## - CATALOGADOR
- Catalogador: NDAF/220510
